| 000 -ლიდერი |
| ფიქსირებული სიგრძის საკონტროლო ველი |
01054nam a2200241Ia 4500 |
| 001 - საკონტროლო ნომერი |
| საკონტროლო ველი |
4869 |
| 003 - საკონტროლო ნომრის იდენტიფიკატორი |
| საკონტროლო ველი |
GE_BSU |
| 005 - ბოლო ოპერაციის თარიღი და დრო |
| საკონტროლო ველი |
20190809133838.0 |
| 008 - ფიქსირებული სიგრძის მონაცემთა ელემენტები - ზოგადი ინფორმაცია |
| ფიქსირებული სიგრძის საკონტროლო ველი |
181216s2009||||ge |||||||||||||| ||geo|| |
| 020 ## - წიგნის საერთაშორისო სტანდარტული ნომერი |
| International Standard Book Number |
9994079387 |
| 040 ## - კატალოგიზაციის წყარო |
| Transcribing agency |
GE_BSU |
| 041 ## - ენის კოდი |
| Language code of text/sound track or separate title |
geo |
| 080 ## - უნივერსალური ათობითი კლასიფიკაციის ინდექსი |
| Universal Decimal Classification number |
811.111'36(075) ზ-26 |
| 100 ## - მთავარი ჩანაწერი - პიროვნების სახელი |
| Personal name |
ზამბახიძე, ეკა |
| 9 (RLIN) |
3474 |
| 245 ## - ცნობა სათაურის შესახებ |
| Title |
ინგლისური ენის გრამატიკა / |
| Statement of responsibility, etc |
ეკა ზამბახიძე, მაკა ზამბახიძე ; ქართ.ტექსტის რედ. ჯ. ხურცილავა |
| 264 ## - წარმოების, გამოცემის, დისტრიბუციის და სხვა ცნობები |
| გამოცემის, წარმოების, დისტრიბუციის... ადგილი |
თბილისი : |
| გამოცემის, წარმოების, დისტრიბუციის... სახელწოდება |
ეგრისი ; |
| გამოცემის, წარმოების, დისტრიბუციის... თარიღი |
2009. |
| 300 ## - ფიზიკური აღწერა |
| Extent |
416 გვ. ; |
| Dimensions |
20 სმ. |
| 653 ## - INDEX TERM--UNCONTROLLED |
| Uncontrolled term |
ინგლისური ენის გრამატიკა |
| 700 ## - ADDED ENTRY--PERSONAL NAME |
| Personal name |
ზამბახიძე, მაკა |
| Relator term |
ავტორი |
| 9 (RLIN) |
3475 |
| 700 ## - ADDED ENTRY--PERSONAL NAME |
| Personal name |
ხურცილავა, ჯ. |
| Relator term |
ქართული ტექსტის რედაქტორი |
| 9 (RLIN) |
3476 |
| 942 ## - ADDED ENTRY ELEMENTS (KOHA) |
| Koha item type |
წიგნი |
| Source of classification or shelving scheme |
|